00408nam a2200157Ia 4500003000400000008004100004040001600045082001300061100002100074245004300095260004200138300000900180490002400189650001500213650002200228GCL140319s9999 xx 000 0 eng d aGCL / cGCL04a843bM D1 aMERIMEE, PROSPER10aLA DOUBLE MEPRISE / cMERIMEE, PROSPER a[S.N] : bLE LIVRE DE POCHE ، c1995 a88 P aCOLLECTION FOLIOv004aLITERATURE04aFRENCH LITERATURE